Science Quiz

Random Science or Elements Quiz

Elements Spelling Test Quiz Stats

 Plays Quiz Updated Feb 15, 2019

Support Sporcle.
Go Orange.
Score 0/30 Timer 05:00
1 Play Today
Question Answer Wrong Answers
... Bromine
85.6%
Bromene
4.7%
... Phosphorus
85%
Phospherus
3.3%
... Xenon
84.6%
Zenon
3%
... Manganese
84.2%
Mangenese
8.7%
... Berkelium
83.9%
Berklium
14%
... Rhenium
81.8%
Renium
8.6%
... Astatine
81%
Atsatine
7%
... Molybdenum
79.3%
Moldybenum
13%
... Chlorine
78.8%
Chloride
11.6%
... Cerium
78.7%
Caerium
12.9%
... Seaborgium
77.3%
Seabourgium
20%
... Fluorine
77%
Flourine
10.8%
... Beryllium
75.7%
Berylium
17.9%
... Tantalum
74%
Tantalium
13.9%
... Palladium
73.6%
Paladium
18.4%
... Silicon
73.2%
Silicone
14.5%
... Oganesson
72.6%
Ogenesson
26.9%
... Darmstadtium
72%
Darmstatdium
22.6%
... Mendelevium
71.6%
Mendeleevium
24.5%
... Meitnerium
68.6%
Meitnierium
21.3%
... Terbium
68%
Turbium
20.7%
... Tennessine
66.4%
Tennesine
24.3%
... Dysprosium
64.6%
Dysporsium
24.3%
... Thallium
63.7%
Thalium
24.1%
... Bohrium
62.5%
Bhorium
26%
... Praseodymium
60%
Prosaedymium
31.1%
... Moscovium
57.8%
Muscovium
29.7%
... Lanthanum
54.1%
Lanthanium
35.6%
... Nihonium
50.6%
Nimonium
37.5%
... Flerovium
43.1%
Flurovium
46.3%

From the Vault

Odd World Leader Out

by nordic

History 5m
These world leaders seem a little confused.
Remove Ads.
Support Sporcle.
Get the best of Sporcle when you Go Orange. This ad-free experience offers more features, more stats, and more fun while also helping to support Sporcle. Thank you for becoming a member.

Show Comments

Extras

Top Quizzes Today


Score Distribution

Your Account Isn't Verified!

In order to create a playlist on Sporcle, you need to verify the email address you used during registration. Go to your Sporcle Settings to finish the process.

Report this User

Report this user for behavior that violates our Community Guidelines.

Details: